书目信息 |
| 书名: | The American promise | |
| 作者: | James L. Roark ... [et al.]. | |
| 分册号: | ||
| 分册名: | to 1877 : | 出版地: | Boston : |
|
| 出版社: | Bedford/St. Martin’s | |
| 出版时间: | c2000. | |
| 页数: | 441,50,25 p. : | |
| 开本: | 27 cm. | |
| 丛书名: | ||
| 中图分类号: | ||
| 科图分类号: | ||
| 其他分类号: | K712.4 | |
| 主题词: | ||
| 电子资源: | http://www.h-net.org/review/hrev-a0c2r8-aa | |
| 000 | 01336cam a2200325 a 450 | |
| 001 | E0758711887 | |
| 005 | 20070514162959.62 | |
| 008 | 990324s2000 mauab b 001 0 eng | |
| 010 | @a99071851 | |
| 020 | @a0312191995 (hardcover). | |
| 020 | @a0312192061 (v. 1 : pbk.). | |
| 020 | @a031219207X (v. 2 : pbk.). | |
| 035 | @A(DLC) 99071851 | |
| 040 | @aDLC@cDLC@dDLC | |
| 043 | @an-us--- | |
| 050 | 00 | @aE178.1@b.A49367 2000 |
| 082 | 00 | @a973@2 21 |
| 090 | @aK712.4 | |
| 099 | @dK712.4@ex44:1 | |
| 245 | 04 | @aThe American promise.@nVOLUME ONE,@pto 1877 :@ba history of the United States / @cJames L. Roark ... [et al.]. |
| 250 | @aCompact ed. | |
| 260 | @aBoston :@bBedford/St. Martin’s,@cc2000. | |
| 300 | @a441,50,25 p. :@bill. (some col.), col. maps ;@c27 cm. | |
| 504 | @aIncludes bibliographical references and index. | |
| 651 | 0 | @aUnited States@xHistory@vTextbooks. |
| 700 | 1 | @aRoark, James L. |
| 856 | 42 | @3 Book review (H-Net)@uhttp://www.h-net.org/review/hrev-a0c2r8-aa |
| 906 | @a7@bcbc@corignew@d2@eopcn@f19@gy-gencatlg | |
| 925 | 0 | @aacquire@b1 shelf copy@xpolicy default |
| 955 | @apn10 3-24-99; to HLCD pb19 08-22-00; AA3d lk50 received for descriptive Apr 12, 2001; AA3s lk03 received for subject Apr 13, 2001; forwarded for shelflisting Apr 13, 2001; recvd in Dewey 06-06-01; aa19 06-13-2001 | |
| The American promise.. VOLUME ONE,. to 1877 : : a history of the United States / / James L. Roark ... [et al.].-Compact ed.-Boston : : Bedford/St. Martin’s, , c2000. |
| 441,50,25 p. : : ill. (some col.), col. maps ; ; 27 cm. |
| Includes bibliographical references and index. |
| ISBN 0312191995 (hardcover). |
| ● |
| 相关链接 |
|
|
|
|
正题名:American promise
索取号:K712.4/x44:1
 
预约/预借
| 序号 | 登录号 | 条形码 | 馆藏地/架位号 | 状态 | 备注 |
| 1 | 9231 | 300092316 | 第二样本阅览室/ [索取号:K712.4/x44:1] | 在馆 | |
| 2 | 9232 | 300092325 | 第四借阅区/ [索取号:K712.4/x44:1] | 在馆 | |
| 3 | 9233 | 300092334 | 第四借阅区/ [索取号:K712.4/x44:1] | 在馆 |